Statistics for Top 10 Sesame Oil Producing Countries

Click here to take the quiz!

General Stats

  • This quiz has been taken 29 times
  • The average score is 6 of 10

Answer Stats

Metric TonsCountry% Correct
4,285,700China
92%
3,060,700India
88%
921,823Japan
85%
552,703South Korea
73%
502,148Turkey
65%
319,459Taiwan
62%
1,176,314Tanzania
46%
858,500Sudan
46%
4,329,364Myanmar
42%
475,500Uganda
31%

Score Distribution

Percentile by Number Answered

Percent of People with Each Score

Your Score History

You have not taken this quiz